000 00386nam a2200121Ia 4500
005 20260326100036.0
008 260326s9999||||xx |||||||||||||| ||und||
100 _aMinisterio de Educación
245 0 _aEscuelas primarias :
_b Estudios, esquemas y ejemplos /
_cMinisterio de Educación
260 _bDirección Técnica de Arquitectura de Ven
650 _aARQUITECTURA CIVIL
942 _cBK
999 _c6825
_d6825